Statystyki dla Prezydenci Bułgarii

Kliknij tutaj aby rozwiązać quiz!

Ogólne statystyki

  • Ten quiz został rozwiązany 13 razy
  • Średni wynik to 4 z 8

Statystyki odpowiedzi

LataPrezydent% Poprawnych
od 2017Rumen Radew
73%
1997–2002Petyr Stojanow
64%
1990Petyr Mładenow
55%
2002–2012Georgi Pyrwanow
45%
1990Nikołaj Todorow
45%
2012–2017Rosen Plewneliew
45%
1990Stanko Todorow
45%
1990–1997Żeliu Żelew
27%

Rozkład punktacji

Percentyl według liczby udzielonych odpowiedzi

Procent ludzi z każdym wynikiem

Twoja historia wyników

Nie rozwiązałeś tego quizu